[Event "4NCL Online Division 2"]
[Site "online"]
[Date "2020.06.09"]
[Round "10.74"]
[White "Pye, David E"]
[Black "Soyel, Hamit"]
[Result "1-0"]
[WhiteElo "2055"]
[BlackElo "1892"]
[PlyCount "129"]
[EventDate "2020.06.09"]
[WhiteTeam "Wessex Some Stars A"]
[BlackTeam "Kent KJCA Kestrels B"]

1. b3 g6 2. Bb2 Nf6 3. Bxf6 exf6 4. c4 Bg7 5. Nc3 O-O 6. g3 f5 7. Rc1 d6 8. Bg2
c6 9. e3 Nd7 10. Nge2 Nf6 11. O-O Bd7 12. d4 Qe7 13. Re1 Ne4 14. f3 Nxc3 15.
Rxc3 c5 16. Rd3 Bc6 17. f4 Bxg2 18. Kxg2 Qe4+ 19. Kf2 Rfe8 20. Nc3 Qc6 21. Nd5
b5 22. dxc5 bxc4 23. bxc4 Qxc5 24. Qa4 Rac8 25. Ra3 Qxc4 26. Qxc4 Rxc4 27. Rxa7
Rc5 28. Rd1 Rb8 29. Rd2 Bc3 30. Nxc3 Rxc3 31. Ra6 Re8 32. Raxd6 Rexe3 33. a4
Ra3 34. a5 Re4 35. Ra6 Rea4 36. Rd5 Rb4 37. Rb6 Ra2+ 38. Ke3 Rba4 39. Ra6 Rxh2
40. Ra8+ Kg7 41. Ra7 Rha2 42. Kd3 R2a3+ 43. Kc2 Rxg3 44. Rdd7 Rxf4 45. Rxf7+
Kh6 46. Rxh7+ Kg5 47. Kd2 Rf2+ 48. Ke1 Ra2 49. Kf1 Rga3 50. Ra8 Rxa5 51. Rg8
Rb5 52. Re7 Rb1+ 53. Re1 Rxe1+ 54. Kxe1 f4 55. Rf8 Kg4 56. Ra8 g5 57. Rxa2 Kg3
58. Kf1 f3 59. Kg1 g4 60. Rb2 Kf4 61. Rb4+ Kg3 62. Rc4 Kh3 63. Kf2 Kh4 64. Rc1
Kg5 65. Kg3 1-0

[Event "4NCL Online Division 2"]
[Site "online"]
[Date "2020.06.09"]
[Round "10.81"]
[White "Jarmany, David"]
[Black "Whyte, Brian G"]
[Result "1-0"]
[WhiteElo "2267"]
[BlackElo "2048"]
[PlyCount "71"]
[EventDate "2020.06.09"]
[WhiteTeam "Maryport Assassins A"]
[BlackTeam "Higgie's Heroes"]

1. e4 d6 2. d4 Nf6 3. Nc3 e5 4. dxe5 dxe5 5. Qxd8+ Kxd8 6. Bg5 Be6 7. O-O-O+
Kc8 8. f4 exf4 9. Bxf4 Bc5 10. Nf3 Ng4 11. Rd2 Nf2 12. Na4 Nxh1 13. Nxc5 Nd7
14. Nxe6 fxe6 15. g3 h6 16. Bg2 g5 17. Be3 Rf8 18. Bxh1 Kd8 19. Bg2 Ke7 20. h4
g4 21. Nd4 Rf6 22. Nb3 Rd8 23. Nc5 b6 24. Rxd7+ Rxd7 25. Nxd7 Kxd7 26. e5 Rf5
27. Bf4 h5 28. Be4 Rf8 29. Bg6 Rh8 30. Kd2 Ke7 31. Bg5+ Kf8 32. Bf6 Rh6 33. Be4
Ke8 34. Ke3 Kf7 35. Kf4 Kg8 36. Kg5 1-0

[Event "4NCL Online Division 2"]
[Site "online"]
[Date "2020.06.09"]
[Round "10.82"]
[White "Taylor, Robert K"]
[Black "Jarmany, John"]
[Result "0-1"]
[WhiteElo "2005"]
[BlackElo "2207"]
[PlyCount "52"]
[EventDate "2020.06.09"]
[WhiteTeam "Higgie's Heroes"]
[BlackTeam "Maryport Assassins A"]

1. e4 c6 2. Ne2 d5 3. e5 Bf5 4. Ng3 Bg6 5. h4 h6 6. h5 Bh7 7. e6 Qd6 8. exf7+
Kxf7 9. d4 e5 10. dxe5 Qxe5+ 11. Be2 Bc5 12. Nd2 Nf6 13. Nf3 Qc7 14. Rh4 Nbd7
15. Bf4 Qb6 16. Qc1 Bxf2+ 17. Kf1 Ne4 18. Nh1 Bxh4 19. Nxh4 Rhf8 20. Bf3 Kg8
21. g3 Rae8 22. Kg2 Ne5 23. a4 Nxf3 24. Nxf3 Nf6 25. Ne5 Be4+ 26. Kh2 Rxe5 0-1

[Event "4NCL Online Division 2"]
[Site "online"]
[Date "2020.06.09"]
[Round "10.83"]
[White "Davis, Holden"]
[Black "McMahon, Timothy P"]
[Result "1-0"]
[WhiteElo "1982"]
[BlackElo "1937"]
[PlyCount "45"]
[EventDate "2020.06.09"]
[WhiteTeam "Maryport Assassins A"]
[BlackTeam "Higgie's Heroes"]

1. e4 c5 2. d4 cxd4 3. c3 dxc3 4. Nxc3 e6 5. Nf3 a6 6. Bc4 b5 7. Bb3 Bb7 8. O-O
b4 9. Nd5 exd5 10. exd5 d6 11. Re1+ Be7 12. Qd4 Nf6 13. Qxb4 Bc8 14. Bf4 O-O
15. Rxe7 Qxe7 16. Bxd6 Qd8 17. Be7 a5 18. Qa3 Qe8 19. Re1 Nfd7 20. Bg5 Ne5 21.
Rxe5 Qd7 22. Ba4 Qg4 23. Qxf8+ 1-0

[Event "4NCL Online Division 2"]
[Site "online"]
[Date "2020.06.09"]
[Round "10.84"]
[White "Lovatt, Peter G"]
[Black "Hart, Roger"]
[Result "1/2-1/2"]
[WhiteElo "1787"]
[BlackElo "1915"]
[PlyCount "105"]
[EventDate "2020.06.09"]
[WhiteTeam "Higgie's Heroes"]
[BlackTeam "Maryport Assassins A"]

1. e4 g6 2. f4 d6 3. Nf3 Bg7 4. d4 Bg4 5. Be3 Nd7 6. c3 c5 7. Bc4 Bxf3 8. Qxf3
e6 9. O-O Nb6 10. Bb5+ Nd7 11. dxc5 a6 12. Ba4 Kf8 13. cxd6 b5 14. Bc2 Ngf6 15.
Nd2 h5 16. f5 Ne5 17. Qh3 Nfg4 18. Bc5 Kg8 19. fxe6 fxe6 20. Nf3 Qd7 21. Nxe5
Bxe5 22. Bb3 Kg7 23. Qh4 Bxd6 24. Bd4+ e5 25. Rf7+ Qxf7 26. Bxf7 exd4 27. Bd5
Bxh2+ 28. Kh1 Rae8 29. cxd4 Rhf8 30. a4 bxa4 31. Qe1 Rf2 32. Qxf2 Nxf2+ 33.
Kxh2 Nxe4 34. Rxa4 Nf6 35. Bc4 Rb8 36. b3 Rd8 37. d5 Nxd5 38. Rxa6 Ne3 39. Ra7+
Kh8 40. Kg3 Nxc4 41. bxc4 Rc8 42. Ra4 Rc5 43. Kf3 Kg7 44. Ke4 Kf6 45. Kd4 Rg5
46. Ra6+ Ke7 47. Ra7+ Kd8 48. Ra2 Kc7 49. c5 Kc6 50. Ra6+ Kc7 51. Ra2 Kc6 52.
Ra6+ Kc7 53. Ra2 1/2-1/2

[Event "4NCL Online Division 2"]
[Site "online"]
[Date "2020.06.09"]
[Round "10.91"]
[White "Cont, Arya"]
[Black "Madden, Paul"]
[Result "1/2-1/2"]
[WhiteElo "2147"]
[BlackElo "2117"]
[PlyCount "58"]
[EventDate "2020.06.09"]
[WhiteTeam "Oxford 2"]
[BlackTeam "Ashfield Anonymous A"]

1. b3 e5 2. Bb2 Nc6 3. e3 Nf6 4. Bb5 Be7 5. Bxc6 dxc6 6. Bxe5 Qd5 7. Nf3 Bg4 8.
Bxc7 Ne4 9. Nc3 Bxf3 10. gxf3 Nxc3 11. dxc3 Qf5 12. Qe2 Rc8 13. Bg3 Bf6 14.
O-O-O O-O 15. Kb2 Qa5 16. Qc4 c5 17. Rd5 b5 18. Qd3 c4 19. bxc4 Qb4+ 20. Kc1
Qa3+ 21. Kd1 bxc4 22. Qf5 Rcd8 23. Ke2 Rxd5 24. Qxd5 Qxa2 25. Rd1 Qxc2+ 26. Qd2
Qb3 27. Rc1 Rd8 28. Qc2 Qb7 29. e4 g6 1/2-1/2

[Event "4NCL Online Division 2"]
[Site "online"]
[Date "2020.06.09"]
[Round "10.92"]
[White "Gogia, Armaan"]
[Black "Olehnovics, Andrejs"]
[Result "1/2-1/2"]
[WhiteElo "1990"]
[BlackElo "2035"]
[PlyCount "243"]
[EventDate "2020.06.09"]
[WhiteTeam "Ashfield Anonymous A"]
[BlackTeam "Oxford 2"]

1. e4 e6 2. d4 d5 3. exd5 exd5 4. Nf3 Bd6 5. c4 Qe7+ 6. Be3 Nf6 7. Nc3 O-O 8.
c5 Bf4 9. Qe2 Bxe3 10. Qxe3 Re8 11. Qxe7 Rxe7+ 12. Kd2 Nc6 13. Bb5 Nd8 14. Bd3
Ne6 15. Rhe1 Bd7 16. Ng5 h6 17. Nxe6 Bxe6 18. b4 a5 19. Rab1 c6 20. b5 Rc7 21.
bxc6 bxc6 22. Bc2 Bd7 23. Rb6 Kf8 24. f3 g5 25. Nd1 Nh5 26. g3 Ng7 27. Ne3 f5
28. Reb1 Re8 29. Ra6 f4 30. gxf4 gxf4 31. Ng2 Ne6 32. Kc3 Ng5 33. Nxf4 Re3+ 34.
Kd2 Rxf3 35. Ng6+ Kg7 36. Re1 Rf2+ 37. Kc3 Rxc2+ 38. Kxc2 Kxg6 39. Rxa5 Bf5+
40. Kc1 Nf3 41. Rd1 Nxh2 42. Ra8 Nf3 43. a4 Ng5 44. a5 Ne4 45. a6 Nc3 46. Rg1+
Kf6 47. Rg2 Nb5 48. Rf8+ Ke6 49. Re2+ Be4 50. Rh2 Nxd4 51. Rxh6+ Ke5 52. Rh5+
Nf5 53. Rhh8 Kd4 54. Rb8 Ra7 55. Ra8 Rg7 56. Rhg8 Rh7 57. Rh8 Re7 58. Rhb8 Kxc5
59. Rb7 Bd3 60. Rxe7 Nxe7 61. Re8 Bxa6 62. Rxe7 Bb5 63. Kd2 d4 64. Rh7 Kb4 65.
Rh8 c5 66. Rd8 d3 67. Rc8 c4 68. Rc7 Be8 69. Rc8 Bd7 70. Rc7 Be6 71. Rb7+ Kc5
72. Kc3 Kd5 73. Rc7 Ke4 74. Re7 Kf5 75. Re8 Bd5 76. Rd8 Be6 77. Rd4 Ke5 78. Rh4
Bd5 79. Rh5+ Ke4 80. Rh4+ Ke3 81. Rh2 Be6 82. Rd2 Bg4 83. Rb2 Be2 84. Rd2 Bf3
85. Rb2 Bd1 86. Rd2 Bb3 87. Rh2 Bd1 88. Rd2 Be2 89. Rb2 Bf1 90. Rd2 Be2 91. Ra2
Bf1 92. Ra7 Be2 93. Re7+ Kf2 94. Kd2 Kf3 95. Rc7 Ke4 96. Rxc4+ Kd5 97. Kc3 Ke5
98. Rd4 Ke6 99. Kd2 Ke5 100. Ke3 Ke6 101. Ke4 Bf1 102. Kf4 Be2 103. Kg3 Ke5
104. Rd8 Ke4 105. Kf2 Ke5 106. Ke1 Ke4 107. Kd2 Ke5 108. Kc3 Ke4 109. Re8+ Kf4
110. Rf8+ Ke4 111. Re8+ Kf4 112. Kd2 Kf3 113. Rf8+ Ke4 114. Rf2 Kd4 115. Rh2
Ke4 116. Rh4+ Kf3 117. Rd4 Kf2 118. Rf4+ Kg3 119. Re4 Kf3 120. Re7 Kf4 121.
Rxe2 dxe2 122. Kxe2 1/2-1/2

[Event "4NCL Online Division 2"]
[Site "online"]
[Date "2020.06.09"]
[Round "10.93"]
[White "Cole, James"]
[Black "Truman, Richard G"]
[Result "1/2-1/2"]
[WhiteElo "2057"]
[BlackElo "1990"]
[PlyCount "88"]
[EventDate "2020.06.09"]
[WhiteTeam "Oxford 2"]
[BlackTeam "Ashfield Anonymous A"]

1. d4 Nf6 2. c4 g6 3. g3 c5 4. d5 Bg7 5. Nc3 d6 6. Bg2 O-O 7. Nf3 e6 8. O-O
exd5 9. cxd5 Na6 10. h3 Rb8 11. a4 Nc7 12. Nd2 a6 13. a5 Nb5 14. Nc4 Nxc3 15.
bxc3 Bd7 16. Bf4 Ne8 17. Qc2 Bb5 18. Nb2 b6 19. axb6 Rxb6 20. c4 Bd7 21. Rab1
Qc8 22. Kh2 Qb7 23. Nd3 h6 24. e4 g5 25. Bd2 f5 26. Rxb6 Qxb6 27. Rb1 Qc7 28.
f4 fxe4 29. Bxe4 Nf6 30. Bg2 g4 31. h4 Bf5 32. Bc3 Re8 33. Rd1 Re3 34. Qb2 Qe7
35. Re1 Rxe1 36. Nxe1 Ne4 37. Bxg7 Qxg7 38. Qb8+ Kh7 39. Qd8 Qf6 40. Qe8 Nd2
41. Qe2 Nb3 42. Qe8 Nd2 43. Qe2 Nb3 44. Qe8 Nd2 1/2-1/2

[Event "4NCL Online Division 2"]
[Site "online"]
[Date "2020.06.09"]
[Round "10.94"]
[White "Garnett, John S"]
[Black "Wilson, Edgar"]
[Result "1/2-1/2"]
[WhiteElo "1982"]
[BlackElo "2012"]
[PlyCount "141"]
[EventDate "2020.06.09"]
[WhiteTeam "Ashfield Anonymous A"]
[BlackTeam "Oxford 2"]

1. d4 d5 2. c4 e6 3. Nc3 Nf6 4. Bg5 Be7 5. cxd5 exd5 6. e3 h6 7. Bf4 O-O 8. Bd3
b6 9. Nf3 Bb7 10. O-O Nbd7 11. Rc1 a6 12. Qc2 c5 13. b3 Rc8 14. Qe2 Ne4 15.
Bxa6 Bxa6 16. Qxa6 Nxc3 17. Rxc3 Ra8 18. Qe2 Bf6 19. Rc2 Re8 20. dxc5 bxc5 21.
Qd2 d4 22. exd4 cxd4 23. Nxd4 Ne5 24. Rd1 Qb6 25. h3 Red8 26. Be3 Ng6 27. Rc4
Rd5 28. Qb4 Qxb4 29. Rxb4 Rxa2 30. Rb1 Ne5 31. Rb8+ Kh7 32. Nb5 Nd3 33. Nc7 Rd7
34. Nb5 Nb4 35. Rc8 Nd5 36. Rcc1 Nxe3 37. fxe3 Rdd2 38. Nc3 Rxg2+ 39. Kh1 Rh2+
40. Kg1 Rag2+ 41. Kf1 Bh4 42. Nd1 Re2 43. Nc3 Ref2+ 44. Kg1 Rxh3 45. Rf1 Rxf1+
46. Rxf1 Rxe3 47. Nd5 Rxb3 48. Rxf7 Rb2 49. Kf1 Kg6 50. Rc7 Bf6 51. Rc6 Rd2 52.
Nxf6 gxf6 53. Kg1 Kg5 54. Ra6 h5 55. Ra8 f5 56. Rg8+ Kh4 57. Rf8 Kg4 58. Rg8+
Kh4 59. Rf8 Rd5 60. Kg2 Kg4 61. Rg8+ Kf4 62. Rh8 Kg5 63. Rg8+ Kf6 64. Rh8 f4
65. Kf3 Kg5 66. Rg8+ Kf5 67. Rf8+ Ke5 68. Re8+ Kf5 69. Rf8+ Kg5 70. Rg8+ Kf5
71. Rf8+ 1/2-1/2

[Event "4NCL Online Division 2"]
[Site "online"]
[Date "2020.06.09"]
[Round "10.101"]
[White "Twine, David"]
[Black "Villiers, Thomas"]
[Result "0-1"]
[WhiteElo "2072"]
[BlackElo "2252"]
[PlyCount "94"]
[EventDate "2020.06.09"]
[WhiteTeam "Plymouth"]
[BlackTeam "Mushrooms 1"]

1. e4 Nc6 2. d4 d5 3. Nc3 Nf6 4. e5 Nd7 5. g3 Nb6 6. Bg2 Bf5 7. a3 Qd7 8. Nge2
f6 9. exf6 gxf6 10. O-O O-O-O 11. b4 e5 12. b5 Ne7 13. a4 Nc4 14. a5 Bh3 15.
dxe5 fxe5 16. Ra4 h5 17. b6 axb6 18. a6 bxa6 19. Rxa6 Kb7 20. Ra4 Bxg2 21. Kxg2
Bh6 22. Bxh6 Rxh6 23. Qa1 Nc6 24. Rd1 h4 25. Ng1 hxg3 26. hxg3 Qh7 27. Nxd5
Rxd5 28. Rxc4 Rh2+ 29. Kf1 Rxd1+ 30. Qxd1 Nd4 31. Rxd4 exd4 32. Qf3+ c6 33. Qe2
Qf7 34. Nf3 Rh1+ 35. Kg2 Qh7 36. Nxd4 Rc1 37. g4 Qh1+ 38. Kg3 Re1 39. Qc4 Rg1+
40. Kf4 Qh6+ 41. Kf3 Qh3+ 42. Ke4 Rxg4+ 43. f4 Qh7+ 44. Ke5 Qc7+ 45. Kf5 Rxf4+
46. Kg5 Qe5+ 47. Kg6 Qf6+ 0-1

[Event "4NCL Online Division 2"]
[Site "online"]
[Date "2020.06.09"]
[Round "10.102"]
[White "Wilson, David Jn"]
[Black "Pollock, Richard M"]
[Result "1-0"]
[WhiteElo "2050"]
[BlackElo "2072"]
[PlyCount "47"]
[EventDate "2020.06.09"]
[WhiteTeam "Mushrooms 1"]
[BlackTeam "Plymouth"]

1. e4 e6 2. b3 b6 3. Bb2 Bb7 4. Nc3 Nf6 5. e5 Nd5 6. Nf3 Nxc3 7. Bxc3 c5 8. Be2
Nc6 9. O-O g6 10. d4 cxd4 11. Nxd4 Nxd4 12. Bxd4 Rc8 13. c4 Bg7 14. Bf3 Bxf3
15. Qxf3 O-O 16. Rad1 Qc7 17. Qe3 Rfd8 18. a4 Bf8 19. Rd3 Bc5 20. Rfd1 d6 21.
exd6 Bxd6 22. Bf6 Be7 23. Be5 Bd6 24. Rxd6 1-0

[Event "4NCL Online Division 2"]
[Site "online"]
[Date "2020.06.09"]
[Round "10.103"]
[White "Butland, Nick J"]
[Black "Linton, William A"]
[Result "1/2-1/2"]
[WhiteElo "1922"]
[BlackElo "2027"]
[PlyCount "138"]
[EventDate "2020.06.09"]
[WhiteTeam "Plymouth"]
[BlackTeam "Mushrooms 1"]

1. d4 Nf6 2. Nf3 c5 3. c3 cxd4 4. cxd4 d5 5. Bf4 Nc6 6. e3 Bf5 7. a3 e6 8. Nc3
Bd6 9. Bxd6 Qxd6 10. Bd3 O-O 11. O-O Ne4 12. Qe2 Nxc3 13. bxc3 Bxd3 14. Qxd3
Na5 15. Nd2 Rfc8 16. e4 Nc4 17. Nxc4 Rxc4 18. Rfe1 Rac8 19. Re3 dxe4 20. Qxe4
Qc6 21. Qxc6 R4xc6 22. Rc1 Rc4 23. Rd3 Kf8 24. Kf1 Ra4 25. Ra1 Rc6 26. Rb1 b6
27. Ra1 Rd6 28. Ke2 Rd5 29. Rd2 Rda5 30. Rda2 e5 31. dxe5 Rxe5+ 32. Kd3 Rd5+
33. Ke3 f5 34. f3 f4+ 35. Ke2 Ke7 36. Rd2 Rda5 37. Rda2 Ke6 38. g3 g5 39. Kd3
Rd5+ 40. Ke2 Re5+ 41. Kd2 Kd5 42. Rb2 Kc4 43. gxf4 gxf4 44. Rab1 Rxa3 45. Rb4+
Kc5 46. Rxf4 Ra2+ 47. Kd3 Rxh2 48. c4 a6 49. Rf6 b5 50. cxb5 axb5 51. Rc1+ Kb4
52. Kd4 Ree2 53. Rf4 Kb3 54. Kc5 Rh5+ 55. Kb6 Rh6+ 56. Kxb5 Re5+ 57. Rc5 Rxc5+
58. Kxc5 Kc3 59. Kd5 Kd3 60. Re4 Rf6 61. f4 Rf5+ 62. Re5 Rxf4 63. Rh5 Rf7 64.
Ke6 Ra7 65. Kf6 Ke4 66. Rh4+ Kf3 67. Kg5 Kg3 68. Rb4 Ra5+ 69. Kh6 Ra7 1/2-1/2

[Event "4NCL Online Division 2"]
[Site "online"]
[Date "2020.06.09"]
[Round "10.104"]
[White "Ortiz Sanchez, Luis"]
[Black "Brooks, Paul"]
[Result "1/2-1/2"]
[WhiteElo "1982"]
[BlackElo "1907"]
[PlyCount "54"]
[EventDate "2020.06.09"]
[WhiteTeam "Mushrooms 1"]
[BlackTeam "Plymouth"]

1. e4 e6 2. d4 d5 3. Bd3 Nf6 4. e5 Nfd7 5. f4 c5 6. c3 Nc6 7. Nf3 Qb6 8. Bc2
cxd4 9. cxd4 Nb4 10. O-O Nxc2 11. Qxc2 Qc6 12. Nc3 Bb4 13. f5 Nb6 14. fxe6 Bxe6
15. Ng5 Rc8 16. Nxe6 Qxe6 17. Rf3 O-O 18. b3 Rxc3 19. Rxc3 Bxc3 20. Qxc3 Rc8
21. Qd3 Nd7 22. Ba3 f6 23. exf6 Nxf6 24. Bb4 Qe4 25. Qxe4 Nxe4 26. Rf1 g6 27.
h3 b6 1/2-1/2

[Event "4NCL Online Division 2"]
[Site "online"]
[Date "2020.06.09"]
[Round "10.111"]
[White "Burrows, Nick"]
[Black "Savidge, Daniel"]
[Result "1/2-1/2"]
[WhiteElo "2072"]
[BlackElo "2155"]
[PlyCount "55"]
[EventDate "2020.06.09"]
[WhiteTeam "Schach Attack"]
[BlackTeam "Bristol University A"]

1. d4 g6 2. c4 Bg7 3. Nc3 c5 4. Nf3 cxd4 5. Nxd4 Qb6 6. Ndb5 a6 7. Be3 Qa5 8.
Nd4 Nf6 9. Qa4 Qd8 10. h3 Nc6 11. g3 O-O 12. Bg2 Nxd4 13. Bxd4 d6 14. O-O Bd7
15. Qc2 Qc8 16. Bxf6 Bxf6 17. Nd5 Bxh3 18. Nb6 Qg4 19. Nxa8 Bxg2 20. Kxg2 Rxa8
21. Rac1 Rc8 22. b3 h5 23. Qd3 Rc5 24. Qf3 Qd7 25. Rcd1 Rf5 26. Qe4 Re5 27. Qf3
Rf5 28. Qe4 1/2-1/2

[Event "4NCL Online Division 2"]
[Site "online"]
[Date "2020.06.09"]
[Round "10.112"]
[White "Gallagher, Ian G"]
[Black "Moyse, Nigel John"]
[Result "1-0"]
[WhiteElo "2132"]
[BlackElo "2035"]
[PlyCount "121"]
[EventDate "2020.06.09"]
[WhiteTeam "Bristol University A"]
[BlackTeam "Schach Attack"]

1. d4 Nf6 2. Bg5 e6 3. e4 Be7 4. Nd2 d6 5. Bd3 Nfd7 6. Bxe7 Qxe7 7. Qg4 f6 8.
Ne2 Nc6 9. c3 e5 10. Qh5+ Qf7 11. Qf3 Nb6 12. O-O Qg6 13. Qe3 O-O 14. f4 Bd7
15. Bc2 Kh8 16. f5 Qg5 17. Qxg5 fxg5 18. Nf3 g4 19. Nd2 d5 20. dxe5 Nxe5 21.
Ng3 Nbc4 22. Nxc4 Nxc4 23. exd5 Ne3 24. Rf2 Nxd5 25. Re1 Rae8 26. Rfe2 Nf4 27.
Rxe8 Rxe8 28. Rxe8+ Bxe8 29. Be4 b6 30. Kf2 Bf7 31. Ke3 Nd5+ 32. Kd4 Nf6 33.
Bb1 Kg8 34. a3 Kf8 35. Ne4 Ke7 36. Ke5 Nd7+ 37. Kf4 h5 38. Kg5 Ne5 39. Ng3 Nc4
40. Nxh5 Bxh5 41. Kxh5 Nxb2 42. Kxg4 Nd1 43. Kf4 Nxc3 44. Bd3 Kf6 45. h4 Nd5+
46. Kf3 Ke5 47. g4 c5 48. g5 Nf4 49. Bc2 b5 50. f6 gxf6 51. g6 Ne6 52. h5 f5
53. h6 Kf6 54. g7 Kf7 55. Bxf5 Nxg7 56. h7 Nxf5 57. h8=Q Nd4+ 58. Ke4 Ke6 59.
Qe5+ Kd7 60. Qxc5 a6 61. Qxd4+ 1-0

[Event "4NCL Online Division 2"]
[Site "online"]
[Date "2020.06.09"]
[Round "10.113"]
[White "Alizada, Eldar"]
[Black "Luc, Ethan"]
[Result "1/2-1/2"]
[WhiteElo "2057"]
[BlackElo "1990"]
[PlyCount "62"]
[EventDate "2020.06.09"]
[WhiteTeam "Schach Attack"]
[BlackTeam "Bristol University A"]

1. d4 d5 2. Nf3 Nf6 3. c4 e6 4. Nc3 Bb4 5. e3 O-O 6. Bd3 c6 7. O-O Nbd7 8. a3
Bxc3 9. bxc3 Qe7 10. a4 e5 11. Ba3 c5 12. dxe5 Nxe5 13. Nxe5 Qxe5 14. Bxc5 dxc4
15. Bxf8 cxd3 16. Bb4 a5 17. Ba3 Ng4 18. g3 Qh5 19. h4 Bf5 20. Qf3 Qg6 21. Qxb7
Be4 22. Qc7 Re8 23. Qf4 Ne5 24. f3 Ba8 25. Rab1 Qc6 26. e4 Qxc3 27. Bb2 Qc5+
28. Kg2 Qc2+ 29. Kg1 Qc5+ 30. Kg2 Qc2+ 31. Kg1 Qc5+ 1/2-1/2

[Event "4NCL Online Division 2"]
[Site "online"]
[Date "2020.06.09"]
[Round "10.114"]
[White "Lampard, Alice"]
[Black "MacQueen, Stuart"]
[Result "1/2-1/2"]
[WhiteElo "2005"]
[BlackElo "2095"]
[PlyCount "103"]
[EventDate "2020.06.09"]
[WhiteTeam "Bristol University A"]
[BlackTeam "Schach Attack"]

1. d4 d5 2. c4 e6 3. Nc3 Nf6 4. cxd5 exd5 5. Qc2 c6 6. Bg5 Bd6 7. e3 h6 8. Bh4
O-O 9. Nf3 Be6 10. Bd3 Nbd7 11. a3 a5 12. O-O Re8 13. Rab1 Qc7 14. Bg3 Bxg3 15.
hxg3 Bg4 16. b4 axb4 17. axb4 Qd6 18. Rfc1 Ra3 19. Nd2 b5 20. Rb3 Ra6 21. Qb2
Rea8 22. Ncb1 Nb6 23. Ra3 Ra4 24. Rxa4 Rxa4 25. Qc2 Nc4 26. Bxc4 dxc4 27. Nxc4
Qxb4 28. Ne5 Qc4 29. Nd3 Qb4 30. Ne5 Ra1 31. Nxc6 Qc4 32. Qb2 Ra2 33. Rxc4 Rxb2
34. Rc1 b4 35. f3 Be6 36. Rd1 Bb3 37. Rc1 Ba2 38. Nc3 bxc3 39. Rxc3 Rb3 40. Rc2
Bb1 41. Rc1 Bd3 42. Ne5 Ba6 43. Rc7 Rxe3 44. Nxf7 Re1+ 45. Kh2 Rd1 46. Nxh6+
gxh6 47. Rc6 Kg7 48. Rxa6 Rxd4 49. g4 Rd2 50. Kg3 Rb2 51. Ra7+ Kg6 52. Ra6
1/2-1/2

[Event "4NCL Online Division 2"]
[Site "online"]
[Date "2020.06.09"]
[Round "10.121"]
[White "Gooding, Ian"]
[Black "Ni, Viktorija"]
[Result "1-0"]
[WhiteElo "2080"]
[BlackElo "2215"]
[PlyCount "69"]
[EventDate "2020.06.09"]
[WhiteTeam "St Albans 1"]
[BlackTeam "ChessPlus Beta"]

1. e4 c5 2. Nf3 e6 3. d4 cxd4 4. Nxd4 a6 5. Bd3 Qc7 6. O-O Nc6 7. Nxc6 dxc6 8.
Nd2 Nf6 9. f4 Bc5+ 10. Kh1 e5 11. f5 h5 12. Nc4 b5 13. Ne3 Bb7 14. a4 Rd8 15.
Qe2 h4 16. Ng4 Nh5 17. Be3 Qe7 18. f6 Bxe3 19. fxg7 Rg8 20. Qxe3 Rxg7 21. Nh6
Bc8 22. Nf5 Bxf5 23. Rxf5 Nf4 24. axb5 axb5 25. Qb6 Qd6 26. Ra6 Rg6 27. Qa7 Rd7
28. Qa8+ Ke7 29. Qh8 Nxd3 30. Qxh4+ Ke8 31. Ra8+ Rd8 32. Rxd8+ Qxd8 33. Qh8+
Kd7 34. Rxf7+ Kc8 35. Rf8 1-0

[Event "4NCL Online Division 2"]
[Site "online"]
[Date "2020.06.09"]
[Round "10.122"]
[White "Agafonov, Yuri Dr"]
[Black "Fraser-Mitchell, Jeremy N"]
[Result "1-0"]
[WhiteElo "2106"]
[BlackElo "2058"]
[PlyCount "109"]
[EventDate "2020.06.09"]
[WhiteTeam "ChessPlus Beta"]
[BlackTeam "St Albans 1"]

1. Nf3 f5 2. h3 d5 3. d4 Nf6 4. Bf4 g6 5. e3 Bg7 6. c4 e6 7. Nc3 c6 8. Bd3 O-O
9. Qe2 Nbd7 10. g4 Nb6 11. c5 Nbd7 12. gxf5 exf5 13. h4 Nh5 14. Bd6 Re8 15.
O-O-O Ndf6 16. Rdg1 Ne4 17. Bxe4 dxe4 18. Ng5 Be6 19. Nxe6 Rxe6 20. Qc4 Qd7 21.
Ne2 Kh8 22. Ng3 Nxg3 23. Rxg3 h5 24. Rhg1 Kh7 25. Qe2 Bh6 26. Kc2 Rg8 27. a4 b6
28. b4 a5 29. bxa5 bxa5 30. Rb1 Qf7 31. Rb3 f4 32. Rg1 fxe3 33. fxe3 Qf3 34.
Qxf3 exf3 35. Be5 Rge8 36. Rb7+ R6e7 37. Rxe7+ Rxe7 38. Kd3 f2 39. Rf1 Rf7 40.
Ke2 g5 41. hxg5 Bxg5 42. Rxf2 Kg6 43. Rxf7 Kxf7 44. Bc7 Ke6 45. Bxa5 Kd5 46.
Kd3 h4 47. Bc7 Ke6 48. Ke2 Kd7 49. Be5 Bd8 50. Kf3 Ke6 51. e4 Ba5 52. Bf4 Bc3
53. Be3 Ba5 54. Kg4 Bd8 55. Bf2 1-0

[Event "4NCL Online Division 2"]
[Site "online"]
[Date "2020.06.09"]
[Round "10.123"]
[White "Willmott, Neil D"]
[Black "Foley, John P"]
[Result "1-0"]
[WhiteElo "1967"]
[BlackElo "1954"]
[PlyCount "153"]
[EventDate "2020.06.09"]
[WhiteTeam "St Albans 1"]
[BlackTeam "ChessPlus Beta"]

1. Nf3 Nf6 2. c4 c5 3. b3 b6 4. g3 g6 5. Bb2 Bg7 6. Bg2 Bb7 7. O-O O-O 8. Nc3
Nc6 9. d4 Nxd4 10. Nxd4 Bxg2 11. Kxg2 cxd4 12. Qxd4 d6 13. Rfd1 Qd7 14. f3 Qb7
15. Nd5 Ne8 16. Qd2 Rc8 17. Bxg7 Nxg7 18. Qd3 Ne6 19. h4 h5 20. Qe3 Rfe8 21.
Rd2 Ng7 22. Rad1 Qd7 23. Qd3 Rf8 24. e4 Ne8 25. Nf4 Qc6 26. Qe3 Qc5 27. Qe2 Nf6
28. Nd5 Nxd5 29. Rxd5 Qc7 30. Qe3 Kg7 31. e5 dxe5 32. Rd7 Qc5 33. Qxc5 Rxc5 34.
Rxe7 Ra5 35. a4 Kf6 36. Rdd7 a6 37. Ra7 Rc5 38. Reb7 Rc6 39. Rxa6 Rd8 40. Raa7
Rf8 41. Rd7 Ke6 42. Re7+ Kd6 43. Rad7+ Kc5 44. Rxe5+ Kb4 45. Rb5+ Kc3 46. Kf2
f5 47. Re7 f4 48. gxf4 Rxf4 49. Re3+ Kb2 50. Rd5 Ka3 51. Kg3 Rcf6 52. a5 bxa5
53. Rxa5+ Kb4 54. Rb5+ Ka3 55. Ra5+ Kb4 56. Rg5 Rd4 57. Rge5 Rd1 58. Rb5+ Ka3
59. b4+ Ka4 60. Rb7 Rg1+ 61. Kf2 Rh1 62. Kg2 Rxh4 63. Re4 Rxe4 64. fxe4 Rf4 65.
c5 Rxe4 66. b5 Rc4 67. c6 Ka5 68. c7 g5 69. b6 Rc2+ 70. Kf3 g4+ 71. Kf4 Rc4+
72. Kg3 Rc3+ 73. Kg2 h4 74. Rb8 h3+ 75. Kh2 Rc2+ 76. Kg3 h2 77. b7 1-0

[Event "4NCL Online Division 2"]
[Site "online"]
[Date "2020.06.09"]
[Round "10.124"]
[White "Imanovs, Elhans"]
[Black "Freeman, Jon A"]
[Result "1-0"]
[WhiteElo "1827"]
[BlackElo "1945"]
[PlyCount "87"]
[EventDate "2020.06.09"]
[WhiteTeam "ChessPlus Beta"]
[BlackTeam "St Albans 1"]

1. e4 Nf6 2. e5 Nd5 3. c4 Nb6 4. d4 d6 5. exd6 cxd6 6. Nc3 g6 7. Be3 Bg7 8. Qd2
O-O 9. Bh6 Bxh6 10. Qxh6 e5 11. O-O-O Qe7 12. Nf3 f6 13. h4 Na6 14. h5 g5 15.
c5 dxc5 16. dxe5 fxe5 17. Nxg5 Qg7 18. Qxg7+ Kxg7 19. h6+ Kh8 20. Nf7+ Kg8 21.
Nxe5 Be6 22. Rd6 Bf5 23. g4 Bg6 24. Nxg6 hxg6 25. Rxg6+ Kh8 26. Bg2 Rad8 27. a3
c4 28. Ne4 Nd5 29. Rg7 Nf4 30. Bf1 Rd4 31. Ng5 Nc5 32. Nf7+ Rxf7 33. Rxf7 Nd5
34. Bg2 Nb3+ 35. Kb1 Nf4 36. h7 Ng6 37. Re1 Rd8 38. f4 b5 39. f5 Nf4 40. Bc6
Nd3 41. Re8+ Rxe8 42. Bxe8 Nd4 43. Rd7 Nf3 44. Bg6 1-0

[Event "4NCL Online Division 2"]
[Site "online"]
[Date "2020.06.09"]
[Round "10.131"]
[White "Ryan, Joseph"]
[Black "Burrows, Martin P"]
[Result "0-1"]
[WhiteElo "2271"]
[BlackElo "2125"]
[PlyCount "60"]
[EventDate "2020.06.09"]
[WhiteTeam "St Benildus A"]
[BlackTeam "Wigston 1"]

1. e4 e6 2. b3 d5 3. Bb2 Nf6 4. e5 Nfd7 5. f4 c5 6. Qg4 Nc6 7. Nf3 f5 8. Qg3
Qe7 9. Be2 b6 10. O-O Bb7 11. Na3 a6 12. c3 Qf7 13. Ng5 Qg8 14. Nc2 Be7 15. d4
h6 16. Nf3 g5 17. c4 Nb4 18. Nxb4 cxb4 19. cxd5 Bxd5 20. Bc4 Bb7 21. d5 exd5
22. Bd3 Nc5 23. Bxf5 Ne4 24. Bxe4 dxe4 25. Nd4 gxf4 26. Qxf4 e3 27. Nf3 Bc5 28.
Kh1 O-O-O 29. Rac1 Rd2 30. Bd4 Qxg2# 0-1